Rehuimos el conservacionismo fundamentalista (entrevista a Alvaro León, ideólogo y líder de un nuevo grupo ecologista) /
Պահպանված է:
| Հիմնական հեղինակ: | |
|---|---|
| Այլ հեղինակներ: | |
| Ձևաչափ: | Տեքստ |
| Խորագրեր: | |
| Ցուցիչներ: |
Ավելացրեք ցուցիչ
Չկան պիտակներ, Եղեք առաջինը, ով նշում է այս գրառումը!
|
MARC
| LEADER | 00000 a a2200000 04500 | ||
|---|---|---|---|
| 001 | 579 | ||
| 003 | |||
| 040 | |||
| 100 | |a León, Alvaro | ||
| 245 | |a Rehuimos el conservacionismo fundamentalista (entrevista a Alvaro León, ideólogo y líder de un nuevo grupo ecologista) / |c Alvaro León ; Eduardo Mora Castellano | ||
| 650 | |a MEDIO AMBIENTE | ||
| 650 | |a RECURSOS NATURALES | ||
| 650 | |a ECOLOGIA | ||
| 650 | |a GRUPOS DE INTERESES | ||
| 650 | |a DESARROLLO SUSTENTABLE | ||
| 650 | |a DETERIORO AMBIENTAL | ||
| 650 | |a NATURALEZA | ||
| 650 | |a ADMINISTRACION | ||
| 700 | |a Mora Castellano, Eduardo | ||
| 773 | |g número 74; páginas 1-10 | ||
| 999 | |c 34371 |d 34371 | ||
